| 000 | 00429nam a2200181Ia 4500 | ||
|---|---|---|---|
| 005 | 20250423101743.0 | ||
| 008 | 250422s9999 xx 000 0 und d | ||
| 020 | _a0-619-06478-1 | ||
| 050 | _aQA 76.76.H94 .G67/ | ||
| 100 | _aDon Gosselin | ||
| 245 | 0 | _aXHTML | |
| 260 | _aMassachusetts | ||
| 260 | _bCourse Technology | ||
| 260 | _c2004 | ||
| 300 | _a627 p | ||
| 650 | _aXHTML (Computer Software Program) | ||
| 942 | _cBK | ||
| 999 |
_c37179 _d37179 |
||